000 00752nam a2200241Ia 4500
008 100315s9999 xx 000 0 und d
020 _a0440060486 
040 _cENGLISH 
082 _b7599 
_a294.543 
100 _a"Bloomfield, Harold H., Cain, Michael peter, Jaffe, Dennis T. "
245 _aDiscovering Inner Energy and Overcoming Strees
260 _aNew York 
_bTM  
_c1975 
300 _a290 
365 _eRupees 
_d
_b0.00 
366 _f
505 _gRamakant Amar Navghare 
530 _bDonated By RBI Library  
620 _aBiography. 
630 _aDiscovering Inner Energy and Overcoming Strees
650 _aBIOGRAPHY 
730 _aDiscovering Inner Energy and Overcoming Strees
942 _cBOOK
999 _c482334
_d482331